<?xml version="1.0" encoding="UTF-8"?><?xml-stylesheet type="text/xsl" href="static/style.xsl"?><OAI-PMH xmlns="http://www.openarchives.org/OAI/2.0/" xmlns:xsi="http://www.w3.org/2001/XMLSchema-instance" xsi:schemaLocation="http://www.openarchives.org/OAI/2.0/ http://www.openarchives.org/OAI/2.0/OAI-PMH.xsd"><responseDate>2026-05-12T05:50:13Z</responseDate><request verb="GetRecord" identifier="oai:riubu.ubu.es:10259/10806" metadataPrefix="marc">https://riubu.ubu.es/oai/request</request><GetRecord><record><header><identifier>oai:riubu.ubu.es:10259/10806</identifier><datestamp>2025-08-22T22:01:38Z</datestamp><setSpec>com_10259_2699</setSpec><setSpec>col_10259_2705</setSpec></header><metadata><record xmlns="http://www.loc.gov/MARC21/slim" xmlns:doc="http://www.lyncode.com/xoai" xmlns:xsi="http://www.w3.org/2001/XMLSchema-instance" xmlns:dcterms="http://purl.org/dc/terms/" xsi:schemaLocation="http://www.loc.gov/MARC21/slim http://www.loc.gov/standards/marcxml/schema/MARC21slim.xsd">
<leader>00925njm 22002777a 4500</leader>
<datafield tag="042" ind1=" " ind2=" ">
<subfield code="a">dc</subfield>
</datafield>
<datafield tag="720" ind1=" " ind2=" ">
<subfield code="a">Saiz Barrio, Francisco Javier</subfield>
<subfield code="e">author</subfield>
</datafield>
<datafield tag="260" ind1=" " ind2=" ">
<subfield code="c">2024</subfield>
</datafield>
<datafield tag="520" ind1=" " ind2=" ">
<subfield code="a">Este trabajo estudia, desde los puntos de vista histórico, funcional y prospectivo, la&#xd;
carretera nacional N-623 entre Burgos y Santander a través del puerto de El Escudo, haciendo&#xd;
un recorrido cronológico desde su constitución como itinerario a mediados del siglo XIX&#xd;
hasta su situación actual como carretera convencional en franca decadencia. Se explora el&#xd;
carácter patrimonial de las obras públicas en general y de las carreteras en particular, su&#xd;
contribución a la generación de nuevos paisajes y su papel como plataforma para la&#xd;
conducción recreativa. Por otro lado, se evalúa el grado de singularidad de los elementos&#xd;
culturales y naturales cercanos a la vía en un espacio que se ha denominado “franja de interés&#xd;
patrimonial”, analizando además tanto su población como su estructura productiva.&#xd;
Finalmente, como aplicación práctica del detallado estudio anterior, se plantean una serie de&#xd;
propuestas de valorización, tanto de la vía en sí como de ciertos elementos patrimoniales&#xd;
identificados en su entorno, con objeto de potenciar su desarrollo turístico y con ello mejorar&#xd;
la actividad económica del corredor, ofreciendo oportunidades para la recuperación&#xd;
poblacional y de servicios mediante la apreciación del patrimonio y el paisaje. Se ha tratado,&#xd;
al fin y al cabo, de estudiar una carretera, pero también un territorio y sus singularidades, para&#xd;
hacer propuestas que incrementen su conocimiento y faciliten, a las personas que lo&#xd;
humanizan, una vida mejor</subfield>
</datafield>
<datafield tag="520" ind1=" " ind2=" ">
<subfield code="a">Ce travail étudie, d'un point de vue historique, fonctionnel et prospectif, la route nationale&#xd;
N-623 entre Burgos et Santander, en passant par le col de El Escudo, en faisant un parcours&#xd;
chronologique depuis sa constitution en tant qu'itinéraire au milieu du XIXe siècle jusqu'à sa&#xd;
situation actuelle en tant que route conventionnelle en déclin manifeste. On explore le&#xd;
caractère patrimonial des infrastructures publiques en général et des routes en particulier, leur&#xd;
contribution à la génération de nouveaux paysages et leur rôle en tant que plateforme pour la&#xd;
conduite récréative. D'autre part, on évalue le degré de singularité des éléments culturels et&#xd;
naturels proches de la voie dans un espace appelé "zone d'intérêt patrimoniale", en analysant&#xd;
également à la fois sa population et sa structure productive. Enfin, comme application&#xd;
pratique de l'étude détaillée précédente, on propose une série de propositions de valorisation,&#xd;
tant pour la voie elle-même que pour certains éléments patrimoniaux identifiés à proximité,&#xd;
dans le but de renforcer son développement touristique et ainsi améliorer l'activité&#xd;
économique du corridor, offrant des opportunités pour la récupération démographique et des&#xd;
services en appréciant le patrimoine et le paysage. Il s'agissait en fin de compte d'étudier une&#xd;
route, mais aussi un territoire et ses particularités, afin de faire des propositions qui&#xd;
augmentent sa connaissance et facilitent, aux personnes qui l'humanisent, une meilleure vie</subfield>
</datafield>
<datafield tag="024" ind2=" " ind1="8">
<subfield code="a">https://hdl.handle.net/10259/10806</subfield>
</datafield>
<datafield tag="024" ind2=" " ind1="8">
<subfield code="a">10.36443/10259/10806</subfield>
</datafield>
<datafield ind1=" " ind2=" " tag="653">
<subfield code="a">Carreteras históricas</subfield>
</datafield>
<datafield ind1=" " ind2=" " tag="653">
<subfield code="a">Carreteras paisajísticas</subfield>
</datafield>
<datafield ind1=" " ind2=" " tag="653">
<subfield code="a">Paisaje</subfield>
</datafield>
<datafield ind1=" " ind2=" " tag="653">
<subfield code="a">Patrimonio</subfield>
</datafield>
<datafield ind1=" " ind2=" " tag="653">
<subfield code="a">Turismo cultural</subfield>
</datafield>
<datafield ind1=" " ind2=" " tag="653">
<subfield code="a">Slow ways</subfield>
</datafield>
<datafield ind1=" " ind2=" " tag="653">
<subfield code="a">Historic roads</subfield>
</datafield>
<datafield ind1=" " ind2=" " tag="653">
<subfield code="a">Scenic roads</subfield>
</datafield>
<datafield ind1=" " ind2=" " tag="653">
<subfield code="a">Landscape</subfield>
</datafield>
<datafield ind1=" " ind2=" " tag="653">
<subfield code="a">Heritage</subfield>
</datafield>
<datafield ind1=" " ind2=" " tag="653">
<subfield code="a">Cultural tourism</subfield>
</datafield>
<datafield tag="245" ind1="0" ind2="0">
<subfield code="a">El patrimonio viario como elemento de desarrollo territorial. El caso de la carretera nacional N-623 Burgos-Santander: caracterización, estudio histórico y propuesta de valorización</subfield>
</datafield>
</record></metadata></record></GetRecord></OAI-PMH>